• 首页
  • 本馆介绍
  • 公告通知
  • 最新文献
  • 馆藏检索
  • 电子资源
  • 读者导购
  • 参考咨询
  • 我的图书馆
  • 登录
  • 详细信息显示
  • 放入我的书架
  • 预约/预借图书
  • 作者相关作品
  • 分类相关作品
  • 丛书相关作品
  • 出版社相关作品

书目信息

  • 表格格式
  • 工作单格式
  • 卡片格式
题名:
工程成本管理
    
 
作者: 姚梅炎 编著
分册:  
出版信息: 北京   中国建筑工业出版社  1988.4
页数: 217页
开本: 19厘米
丛书名:
单 册:
中图分类: F407.9672 , F407.9
科图分类:
主题词: 建筑业-成本计算 , 成本计算-建筑业
电子资源:
ISBN: 7-112-00102-1
000 00857nam0 2200265 45
001 0188016145
005 20060818164329.20
010    @a7-112-00102-1@dCNY1.30
020    @aCN@b88016145
100    @a19910417d1988 m y0chiy0120 ea
101 0  @achi
102    @aCN@b110000
105    @ay z 000yy
200 10 @a工程成本管理@Agong cheng cheng ben guan li@f姚梅炎编著@Fyao mei yan bian zhu
210    @a北京@c中国建筑工业出版社@d1988.4
215    @a217页@d19厘米
330    @a本书系统阐述了工程管理的基本理论、方法和技能。介绍了工程成本的预测、计划、控制、核算、分析等方法。
540 1  @a工程成本管理@Agong cheng cheng ben guan li
606    @a建筑业-成本计算
606    @a成本计算-建筑业
690    @aF407.9672@v1980
690    @aF407.9@v3
701  0 @a姚梅炎@Ayao mei yan@4编著
801  0 @aCN@bTSSF@c20060818
905    @a10447@dF407.9@e152
    
    工程成本管理/姚梅炎编著.-北京:中国建筑工业出版社,1988.4
    217页;19厘米
    
    
    ISBN 7-112-00102-1:CNY1.30
    本书系统阐述了工程管理的基本理论、方法和技能。介绍了工程成本的预测、计划、控制、核算、分析等方法。
●
相关链接 在E读中查询图书 在五车中查询图书 在当当中查询图书 在豆瓣中查询图书


正题名:工程成本管理     索取号:F407.9/152         预约/预借

序号 登录号 条形码 馆藏地/架位号 状态 备注
1 0448137   204481373   密集书库/ [索取号:F407.9/152] 在馆    
2 0448138   204481382   密集书库/ [索取号:F407.9/152] 在馆    
3 0448655   204486555   密集书库/ [索取号:F407.9/152] 在馆    
4 0469243   204692430   密集书库/ [索取号:F407.9/152] 在馆    
唐山师范学院图书馆 欢迎您!
大连网信软件有限公司© 版权所有